00435nam a2200157Ia 4500008004100000020001400041082001600055100001900071245004600090250000700136260004100143300003200184500001900216600002700235650001500262240925s9999 xx 000 0 und d a471157724 a621.382 KUR aKurzewil, Jack 3aAn Introduction to Digital Communications aNA aNew York:bJohn Wiley & Sonsc,2000. axxxviii,396p.bNAfOriginal aIncludes Index aEngineering Technology aTechnology